| 000 | 00607nam a22001937a 4500 | ||
|---|---|---|---|
| 005 | 20170818141542.0 | ||
| 010 | _aENG-119889 | ||
| 020 |
_a9789383546211 _c500.00 |
||
| 035 | _aEN-103421 | ||
| 037 | _bDBAD/PUB | ||
| 082 | _a307.120954 | ||
| 100 | _aNagar, Satveer | ||
| 245 |
_aChallenges of development in North-East Indian / _cby Satveer Nagar |
||
| 260 |
_bMatri Publisher & Distributor _c2015 _aGuwahti |
||
| 270 |
_aOpp. Brahmaputra Jute Mill A.K Azad Road _bGuwahati |
||
| 300 |
_avii, 248p _c22cm(Hb) |
||
| 500 | _a Includes index | ||
| 942 |
_2ddc _cEN _h307.120954 _mNAG |
||
| 999 |
_c143552 _d143552 |
||